| 000 | 01123nam a2200313 i 4500 | ||
|---|---|---|---|
| 001 | 000015 | ||
| 003 | DO-SdBNP | ||
| 005 | 20250410132837.0 | ||
| 007 | ta | ||
| 008 | 100222s1985 dr 001 0 spa d | ||
| 020 | _a8484001318 | ||
| 040 |
_aDO-SdBNP _bspa _cBNPHU _erda |
||
| 082 | 4 |
_a341.5 _bD637c _222 |
|
| 245 | 0 | 0 |
_aDocumentos del conflicto domínico-haitiano de 1937 / _crecopilación y notas José Rafael Cuello H. |
| 264 |
_aSanto Domingo : _bTaller, _c1985. |
||
| 300 |
_a606 páginas ; _c27 cm. |
||
| 336 |
_2rdaconten _atexto _btxt |
||
| 337 |
_2rdamedia _asin mediación _bn |
||
| 338 |
_2rdacarrier _avolumen _bnc |
||
| 490 | 0 |
_aBiblioteca Taller ; _v175 |
|
| 500 | _aIncluye índice | ||
| 500 | _aIncluye referencias bibliográficas y notas al pie de las páginas | ||
| 504 | _aIncluye bibliografía (p. 567 -591) | ||
| 650 |
_aConflicto entre República Dominicana y Haití, 1937 _984686 |
||
| 650 |
_aRepública Dominicana _xEmigración e Inmigración _981601 |
||
| 700 | 1 |
_aCuello H., José Israel, _96298 _erecopilación y notas |
|
| 910 | _aValidado, Control de Calidad/ MAA | ||
| 942 |
_2ddc _cLBS1 |
||
| 999 |
_c15489 _d15489 |
||